000 00684nam a2200193Ia 4500
003 GCL
005 20240530103222.0
008 140319s9999 xx 000 0 ara d
040 _aGCL /
_cGCL
082 0 4 _a415.1
_bه ش
100 1 _aهشام الانصارى
245 1 0 _aشرح قطر الندى وبل الصدى ومعه بلوغ الغايات فى اعراب الشواهد والايات /
_cهشام الانصارى
260 _aبيروت :
_bدار الفكر للطباعة والنشر والتوزيع ،
_c1993
300 _a495 ص
650 0 4 _aالنحو
650 0 4 _aاللغة العربية
700 1 _aبركات يوسف هبود
942 _2ddc
_cBK
999 _c37654
_d37654